| 000 | 00852nas a2200277 4500 | ||
|---|---|---|---|
| 001 | BR7700706 | ||
| 003 | BR-BrBNA | ||
| 005 | 20231205083052.0 | ||
| 007 | ta | ||
| 008 | 230509b bl.|||p| |||| 00| 00por d | ||
| 040 |
_aBR-BrBNA _bpor _cBiblioteca Nacional de Agricultura |
||
| 041 | _a(Pt) | ||
| 072 | _aH20 | ||
| 100 | 1 | _aBezerra, J.E.F. | |
| 100 | 1 | _aTeixeira, S.L. | |
| 100 | 1 | _aChaves, G.M. | |
| 100 | 1 | _aConde, A.R. | |
| 100 | 1 | _aManica, I. | |
| 245 | 1 | _aEficiencia e thiabendazole e benomil no controle do mofo verde (Penicillium digitatum Sacc.)em laranja lima (Citrus sinensis Osb.) | |
| 650 | _aLARANJA LIMA | ||
| 650 | _aMOFO VERDE | ||
| 650 | _aFUNGICIDA | ||
| 773 | 0 |
_tRevista Ceres (Brazil) _xISSN 0034-737X _g(Nov 1976), v. 23(130) p. 440-452 _wBR7700706 |
|
| 909 |
_a202311 _bLúcia _c55 _dLúcia Elande |
||
| 942 |
_2AGRIS _n0 _cANA |
||
| 999 |
_c96175 _d96175 |
||